[Event "III Duchamp Open 2019"]
[Site "Rio de Janeiro"]
[Date "2019.12.11"]
[Round "7.5"]
[White "Ambartsumova, Karina"]
[Black "Di Berardino, Diego Rafael"]
[Result "1-0"]
[WhiteElo "2341"]
[BlackElo "2489"]
[Annotator "TA"]
[PlyCount "81"]
[EventDate "2019.12.07"]
[EventType "swiss"]
[EventCountry "BRA"]
[SourceTitle "playchess.com"]
[Source "ChessBase"]
[SourceQuality "1"]

{[%evp 9,81,0,11,1,58,8,77,21,10,9,17,0,10,14,29,30,40,-25,0,0,0,-45,-9,-4,-12,-16,-14,-20,-18,-2,0,-5,59,28,28,26,27,22,29,10,16,16,11,10,46,46,53,46,48,59,60,39,54,51,233,244,269,268,256,252,231,211,219,215,317,306,428,406,439,336,345,324,736,699]} 1. Nf3 Nf6 2. g3 d5 3. d4 Bf5 4. c4 (4. Bg2 c6 5. c4 e6 6. Nc3 Be7 7. O-O O-O 8. b3 Ne4 9. Bb2 Qa5 10. Nxe4 Bxe4 11. Ne5 Bxg2 12. Kxg2 Rd8 13. Qc2 {½-½ (13) Berkes,F (2678)-Saric,I (2691) Brixen Bressanone 2019}) 4... e6 5. Bg2 Be7 6. Nc3 {D02: 1 d4 d5 2 Nf3 sidelines, including 2...Nf6 3 g3 and 2...Nf6 3 Bf4} O-O ({Black should play} 6... c6 $11) 7. O-O a6 {[#]} (7... c6 $11 {keeps the balance.}) 8. Ne5 (8. Nh4 $1 $16) 8... c6 $11 9. Qb3 b5 10. cxd5 cxd5 11. Bf4 Qb6 12. Rfd1 Nbd7 $146 ({Predecessor:} 12... Nc6 13. Na4 Qb7 14. Nc5 Bxc5 15. dxc5 Rfc8 16. Rac1 {1-0 (39) Nikolaidis,I (2440)-Popchev,M (2475) Peristeri 1993}) 13. a4 (13. e4 $14 dxe4 {[#]} 14. Nxe4 $1 {[%mdl 512]}) 13... b4 14. a5 Qb7 15. Rdc1 Nxe5 (15... Rac8 {looks sharper.} 16. Nxd7 Nxd7 17. h4 h6 18. Na4 g5) 16. Bxe5 Rac8 17. Bxf6 Bxf6 18. e3 Be7 {Hoping for ...Qc7.} 19. Bf1 Qc6 {[%mdl 64] Pin} 20. Na2 $1 Qc2 (20... Qa8 $11) 21. Qxc2 (21. Rxc2 {with more complications.} Bxc2 22. Qxb4 Bxb4 23. Nxb4 Bb3 24. Bxa6 Rc7 25. Ra3) 21... Rxc2 22. Rxc2 Bxc2 23. Nc1 Ra8 24. b3 g5 25. Be2 Bd6 26. Kf1 e5 27. Ke1 exd4 28. exd4 Bf5 29. Kd2 Be7 30. Ra4 g4 31. Nd3 Rc8 $2 (31... Bxd3 $14 32. Bxd3 Kg7) 32. Nc5 $1 $18 Bxc5 33. dxc5 {[%mdl 4096] Endgame KRB-KRB} Rc6 34. Rxb4 Rxc5 35. Bxg4 Bg6 36. Ra4 Rc2+ (36... d4 {was called for.} 37. Rxd4 Rxa5) 37. Ke3 h5 {...Rc3+ is the strong threat.} 38. Be2 Rc6 39. b4 Re6+ 40. Kd2 Re4 $2 (40... d4 41. Ra3 Rc6) 41. Bxa6 {Accuracy: White = 56%, Black = 37%.} 1-0

[Event "III Duchamp Open 2019"]
[Site "Rio de Janeiro"]
[Date "2019.12.11"]
[Round "7.6"]
[White "Galego, Luis"]
[Black "Guimaraes, Diogo Duarte"]
[Result "1-0"]
[WhiteElo "2483"]
[BlackElo "2322"]
[Annotator "TA"]
[PlyCount "97"]
[EventDate "2019.12.07"]
[EventType "swiss"]
[EventCountry "BRA"]
[SourceTitle "playchess.com"]
[Source "ChessBase"]
[SourceQuality "1"]

{[%evp 9,97,0,0,0,0,-19,40,34,43,40,43,51,53,46,43,38,93,87,123,113,157,157,156,156,159,164,162,156,176,166,193,190,196,206,228,216,224,218,229,207,254,200,200,199,202,211,198,164,208,204,283,262,337,332,346,350,347,341,347,321,455,467,464,450,535,537,484,516,535,551,672,647,876,877,1445,1292,1248,1222,1804,1636,2176,2172,2074,909,29981,29982,29961,6219,6391,984]} 1. d4 Nf6 2. Nf3 d5 3. c4 c6 4. Nbd2 Bf5 5. e3 e6 6. Nh4 {D12: Slav Defence: 3 Nf3 Nf6 4 e3 Bf5} Be4 7. Qb3 {[#] Threatens to win with f3.} (7. Be2 Nbd7 8. O-O Bd6 9. g3 Qe7 10. a3 g5 11. Nhf3 h5 12. Nxg5 h4 {1-0 (45) Giri,A (2720)-Fressinet,L (2700) Beijing 2012}) 7... Na6 $146 (7... Qb6 $11) ({Predecessor:} 7... Qc7 8. Be2 Be7 9. O-O Nbd7 10. Nxe4 dxe4 11. g3 c5 12. Bd2 O-O {0-1 (49) Popov,V (2555)-Yevseev,D (2515) Jurmala 2015}) 8. c5 $14 {White is slightly better.} ({But not} 8. Qxb7 Nb4 $17) 8... Qc8 9. f3 Bg6 10. Nxg6 hxg6 11. Bxa6 bxa6 12. O-O g5 (12... Be7 $14) 13. e4 $16 Qc7 14. e5 Nd7 15. f4 gxf4 16. Nf3 ({Don't do} 16. Rxf4 $6 f6 $11) 16... Be7 17. Bxf4 O-O-O 18. Rae1 {[%cal Ba1e1,Be1e2,Be2f2,Bf2f3][%mdl 32]} Rh5 19. Bg3 g5 20. Nd2 Rf8 21. Qd3 Nb8 22. Re2 Kd7 23. Ref2 Ke8 24. Rf3 Qa5 25. a3 Nd7 26. Qc2 Rh6 27. b4 Qb5 28. Re1 Rfh8 29. Nf1 {[%cal Bd2f1,Bf1e3,Be3g4][%mdl 32]} Nf8 30. Ne3 Ng6 31. Ng4 Nh4 32. Bxh4 ({Not} 32. Nxh6 Nxf3+ 33. gxf3 Rxh6 $14) 32... Rxh4 33. h3 R4h7 34. Qb3 Kd7 (34... Qc4 $142 35. Qxc4 dxc4) 35. a4 $18 Qb7 36. Rb1 Rb8 37. Qd3 Rg7 38. Qf1 Ke8 39. Rfb3 Bd8 40. b5 axb5 41. axb5 Qc8 42. bxc6 {[%mdl 64] [#] Discovered Attack} Rxb3 43. Rxb3 Qxc6 44. Rb8 Rg6 45. Qa1 {Threatening mate with Qa5.} Qc7 46. Qa4+ Qd7 47. c6 Qc7 48. Qb5 {White threatens Qb7 and mate.} Kf8 49. Rb7 {Accuracy: White = 73%, Black = 27%.} (49. Qb7 $142 Kg7 50. Qa8 Qxb8 {[%mdl 64] Remove Defender} 51. Qxb8) 1-0

[Event "III Duchamp Open 2019"]
[Site "Rio de Janeiro"]
[Date "2019.12.12"]
[Round "7.7"]
[White "Zambrana, Oswaldo"]
[Black "Aranha Filho, Alvaro Z."]
[Result "0-1"]
[WhiteElo "2445"]
[BlackElo "2304"]
[Annotator "TA"]
[PlyCount "76"]
[EventDate "2019.12.07"]
[EventType "swiss"]
[EventCountry "BRA"]
[SourceTitle "playchess.com"]
[Source "ChessBase"]
[SourceQuality "1"]

{[%evp 23,107,16,15,0,0,0,15,7,15,13,20,10,17,23,19,4,16,19,25,0,0,0,7,0,0,0,0,0,0,-8,0,0,0,-6,0,-27,-27,-64,-66,-84,-4,-254,-249,-252,-206,-209,-210,-262,-262,-256,-256,-255,-261,-325,-260,-231,-253,-379,-175,-159,-58,-56,-29,-123,-78,-61,-57,-273,-273,-271,-271,-260,-249,-769,-757,-29985,-29986,-29987,-29986,-29993,-29991,-29991,-29992,-29994,-29995,-29997]} 1. e4 c5 2. Nf3 Nc6 3. d4 cxd4 4. Nxd4 Nf6 5. Nc3 e5 6. Ndb5 d6 7. Bg5 a6 8. Na3 b5 9. Nd5 Be7 10. Bxf6 Bxf6 11. c4 b4 12. Nc2 a5 13. g3 {B33: Sicilian: Pelikan and Sveshnikov Variations} O-O 14. Bg2 Bg5 15. h4 $146 {The position is equal.} (15. O-O Ne7 16. Nce3 Bxe3 17. Nxe3 Be6 18. b3 Ra7 19. Qd3 {½-½ (52) Nepomniachtchi,I (2776)-Yu,Y (2763) Khanty-Mansiysk 2019}) ({Predecessor:} 15. O-O Ne7 16. h4 {½-½ (44) Siigur,J (2416)-Morrow,W (2430) ICCF email 2014}) 15... Bh6 16. O-O Ne7 17. b3 Nxd5 18. Qxd5 Be6 19. Qd3 Qb6 20. Rfd1 Rfd8 21. a3 bxa3 22. Rxa3 g6 23. Rda1 Rab8 24. Qe2 Rdc8 25. Qe1 Kg7 26. Kh2 Rc7 27. Bf1 Rcb7 28. R1a2 a4 29. bxa4 Qc5 30. Ne3 Rb1 $36 {[%mdl 2048] White is under pressure.} 31. Qe2 Qa5 (31... Bxe3 $1 $17 32. fxe3 h5) 32. Nd5 $2 (32. Bg2 $11 {and White has nothing to worry.}) 32... Re1 $19 33. Qd3 Bxd5 34. cxd5 {[#]} Bc1 $1 {[%cal Rc1a3]} 35. Bg2 Bxa3 36. Qxa3 Rb4 37. Qc3 Reb1 38. Bh3 R1b3 {Played: Qa5-a7} 0-1

[Event "III Duchamp Open 2019"]
[Site "Rio de Janeiro"]
[Date "2019.12.12"]
[Round "7.8"]
[White "Von Buelow, Georg"]
[Black "Fernandez, Maria Florencia"]
[Result "1-0"]
[WhiteElo "2363"]
[BlackElo "2241"]
[Annotator "TA"]
[PlyCount "167"]
[EventDate "2019.12.07"]
[EventType "swiss"]
[EventCountry "BRA"]
[SourceTitle "playchess.com"]
[Source "ChessBase"]
[SourceQuality "1"]

{[%evp 22,167,32,47,45,16,12,-86,85,74,106,-26,-29,-25,-24,-65,-57,-83,-29,-22,-28,-23,33,31,18,33,33,35,34,29,38,34,39,29,28,28,31,33,47,47,46,30,42,44,46,41,49,43,49,49,47,45,62,62,62,62,62,58,58,56,56,42,46,12,56,56,64,56,72,76,64,61,77,77,70,62,110,107,117,97,140,126,139,115,229,234,266,262,314,313,392,397,395,393,387,386,381,366,692,689,729,725,1322,1328,1300,1189,1360,1442,1175,1106,2546,2750,2584,3112,2887,1524,4598,2689,2624,2580,2464,2126,3287,1500,2298,2361,1680,1235,29978,29979,29979,29980,29980,29981,29981,29982,29982,29983,29983,29984,29984,29985,29985,29986,29986,29987,29987,29988]} 1. e4 c5 2. Nf3 d6 3. d4 cxd4 4. Nxd4 Nf6 5. Nc3 g6 6. Be3 Bg7 7. f3 O-O 8. Qd2 Nc6 {[%cal Bb8c6,Bc6d4,Bd4f5][%mdl 32]} 9. O-O-O d5 10. Kb1 Nxd4 11. e5 Nf5 12. exf6 exf6 {B76: Sicilian Dragon: Yugoslav Attack, 9 g4 and 9 0-0-0} 13. Bc5 (13. Nxd5 Nxe3 14. Qxe3 Be6 15. Bc4 f5 16. Nc3 Qe7 17. Bxe6 fxe6 18. Rhe1 Rfe8 19. Nb5 Qb4 20. Qb3 Qxb3 21. axb3 {½-½ (48) Andreikin,D (2713)-Morozevich,A (2760) Moscow 2013}) 13... d4 14. Nb5 {[#]} ({Reject} 14. Bxd4 Qxd4 15. Qxd4 Nxd4 $15) (14. Bxf8 $11 {remains equal.} Qxf8 15. Nb5) 14... Be6 $2 (14... Re8 $1 $17 {stays on course. Threatens to win with ...Ne3.} 15. Nxd4 Bh6) 15. Nxd4 $16 Nxd4 16. Bxd4 (16. Qxd4 Qa5 $17) (16. Bxf8 $16 Qxf8 17. Qxd4) 16... Rc8 $11 {[#]} 17. Bc3 $146 ({Predecessor:} 17. Be2 Qc7 18. Bc3 Rfd8 19. Qc1 Qb6 20. Rxd8+ Rxd8 {0-1 (48) Sjugirov,S (2549)-Robson,R (2466) ICC INT 2008}) 17... Qb6 18. Ba5 Qc6 $1 19. Bc3 Qa4 (19... Rc7 $17) 20. b3 Qc6 21. Bb2 Bh6 (21... f5 $11) 22. Bb5 $1 $14 Bxd2 23. Bxc6 Rxc6 24. Rxd2 f5 25. c4 f6 26. f4 Kf7 27. g3 Re8 28. Re1 Rec8 29. Ba3 b6 30. Kb2 g5 31. Rf1 h6 32. Rff2 Kg6 33. Rd4 Kf7 34. Bd6 Rd8 35. Rfd2 Rdc8 36. a4 Rd8 37. Kc3 a5 38. R2d3 Rd7 39. Kd2 Rd8 40. Ke3 Re8 {...Bxc4+ is the strong threat.} 41. Kf3 Bc8 42. Kf2 Re4 43. Rd2 Re8 44. Re2 Be6 45. Ba3 $36 {[%mdl 2048] Keeping Black busy.} Bc8 46. Rd6 Rxd6 $1 47. Bxd6 {[%mdl 4096] Endgame Black must now prevent Rxe8. KRB-KRB} Be6 48. Rd2 Rc8 {[#]} 49. Ba3 $1 Rb8 50. Rd6 Rb7 51. Ke3 Rb8 52. Rc6 Rb7 (52... Bd7 $16 {keeps fighting.} 53. Rc7 Ke6) 53. Bb2 $18 Re7 54. Kd3 ({Weaker is} 54. Rxb6 Bxc4+ 55. Kd4 Re4+ 56. Kc5 Be6 $14) 54... gxf4 55. gxf4 Bd7 56. Rxf6+ Ke8 57. Ba3 Rf7 58. Rxh6 {Intending Rh8+ and mate.} Rg7 59. Rxb6 Rh7 $2 (59... Bc8 60. Rb5 Rb7 61. Re5+ Kf7) 60. c5 Rh3+ 61. Kd4 Bxa4 62. bxa4 Rxa3 {KR-KR} 63. Ke5 Rxa4 64. Ra6 Ra2 65. h4 a4 66. Ke6 {[%cal Ra6a8]} Re2+ 67. Kxf5 Rc2 68. Ke6 {[%cal Ra6a8]} Kd8 69. Kd6 {[%cal Ra6a8]} Rd2+ 70. Ke5 Re2+ 71. Kf5 Rc2 72. Ra5 (72. h5 $142 Ke7 73. Ra7+ Kf8 74. Kg6) 72... a3 73. h5 a2 74. Kg6 Rxc5 75. Rxa2 {White mates.} (75. Rxc5 $2 {loses.} a1=Q $19) 75... Rc6+ 76. Kg5 Ke7 77. h6 Kf7 78. Ra8 Rg6+ 79. Kh5 Rg1 80. h7 Rh1+ 81. Kg5 Rxh7 82. Ra7+ Kg8 83. Rxh7 Kxh7 84. Kf6 {Accuracy: White = 66%, Black = 41%.} 1-0

[Event "III Duchamp Open 2019"]
[Site "Rio de Janeiro"]
[Date "2019.12.11"]
[Round "7.9"]
[White "Carraro, Denise"]
[Black "Alonso, Salvador"]
[Result "0-1"]
[WhiteElo "2177"]
[BlackElo "2481"]
[Annotator "TA"]
[PlyCount "62"]
[EventDate "2019.12.07"]
[EventType "swiss"]
[EventCountry "BRA"]
[SourceTitle "playchess.com"]
[Source "ChessBase"]
[SourceQuality "1"]

{[%evp 19,62,0,-2,0,-16,-12,-16,-20,-3,-51,-40,-135,-138,-144,-77,-88,-84,-78,-87,-87,-71,-95,-93,-85,-42,-45,-50,-135,-143,-137,-139,-140,-137,-132,-130,-187,-182,-287,-279,-629,-622,-1096,-603,-1085,-1070]} 1. e4 c5 2. Nf3 Nc6 3. d4 cxd4 4. Nxd4 g6 5. Nc3 Bg7 6. Nb3 Nf6 7. Be2 O-O 8. O-O d6 9. Bg5 a6 10. f4 b5 11. a3 {B70: Sicilian Dragon: 6 g3 and 6 Be2 (without a later Be3)} Bb7 12. Bf3 a5 13. a4 $146 {The position is equal.} ({Predecessor:} 13. Kh1 b4 14. axb4 axb4 15. Rxa8 Bxa8 16. Nd5 e6 17. Nxf6+ Bxf6 18. Bxf6 Qxf6 19. Qxd6 Qxb2 {0-1 (33) Bistric,F (2400)-Adorjan,A (2515) Sarajevo 1982}) 13... bxa4 14. Rxa4 Nd7 15. Nd5 ({Better is} 15. Ra1 $15) 15... Nb6 $1 $17 {[%cal Rb6a4]} ({Not} 15... Bxb2 16. c3 $14) 16. Rxa5 Nxd5 (16... Rxa5 $142 17. Nxa5 Nxd5 18. Nxc6 (18. Nxb7 $2 Qb6+ {[%mdl 64] Double Attack} 19. Rf2 Ne3 $19) 18... Qb6+ {[%mdl 64] Double Attack} 19. Rf2 Bxc6 20. exd5 Ba4) 17. Rxd5 Qb6+ 18. Kh1 Bxb2 19. Be2 Ba6 20. Bxa6 Qxa6 21. f5 Qc4 22. Nd2 Qb4 23. Bh6 (23. Qe2 $15) 23... Ra1 24. Qe2 {Black must now prevent Rb5.} Rxf1+ 25. Nxf1 {[#]} Bg7 $1 {[%cal Rg7h6]} 26. Bxg7 Kxg7 27. Qb5 (27. h3 $17) 27... Qe1 $19 {Threatens to win with ...Rb8.} 28. Kg1 {[#]} (28. Rd2 $142) 28... Rb8 $1 {[%cal Rb8b5]} 29. Qxc6 $2 (29. Qd3) 29... Rb1 {[%csl Gb1][%cal Re1f1] Black is clearly winning.} 30. Qc4 {And now Qd3 would win.} Qe3+ $1 31. Kh1 Qf2 {Accuracy: White = 25%, Black = 90%.} 0-1

[Event "III Duchamp Open 2019"]
[Site "Rio de Janeiro"]
[Date "2019.12.11"]
[Round "7.10"]
[White "Matsuura, Everaldo"]
[Black "Cezila Jr, Rubens"]
[Result "1-0"]
[WhiteElo "2448"]
[BlackElo "2191"]
[Annotator "TA"]
[PlyCount "85"]
[EventDate "2019.12.07"]
[EventType "swiss"]
[EventCountry "BRA"]
[SourceTitle "playchess.com"]
[Source "ChessBase"]
[SourceQuality "1"]

{[%evp 21,85,41,73,66,78,68,81,66,117,81,126,55,54,56,61,56,60,41,54,0,0,0,0,-120,72,66,95,83,142,139,139,64,64,0,151,123,126,127,111,94,95,70,58,37,167,162,217,197,247,203,212,156,243,130,121,113,110,125,120,102,368,372,555,563,753,717]} 1. c4 Nf6 2. Nc3 g6 3. e4 d6 4. d4 Bg7 5. f3 O-O 6. Bg5 c5 7. d5 e6 8. Qd2 exd5 9. cxd5 a6 10. a4 Nbd7 11. Nh3 Re8 12. Be2 {A65: Modern Benoni: 6 e4} (12. Nf2 Qe7 13. Be2 Qf8 14. O-O Rb8 15. Rab1 Kh8 16. Be3 Ng8 17. b4 b6 18. Nd3 Ra8 19. bxc5 bxc5 {1-0 (46) Livaic,L (2468)-Papp,G (2614) Budapest 2018}) 12... Qa5 13. O-O Qb4 14. Nf2 {White is better.} Ne5 (14... c4 $14) 15. Qc1 $146 ({Predecessor:} 15. Be3 Nc4 16. Bxc4 Qxc4 17. Rfc1 Qb4 18. a5 Nd7 19. Nd3 Bxc3 20. bxc3 Qc4 21. Nb2 Qb3 22. c4 b5 23. Rc3 {1-0 (23) Iaaeueaa,A-Iaiaaa,A corr 1997}) 15... Bd7 16. Bxf6 (16. Ra3 $16) 16... Bxf6 $14 17. f4 Nc4 {[#]} 18. e5 $1 {[%mdl 512]} Nxe5 $1 (18... dxe5 19. Nce4) 19. fxe5 Bxe5 20. Bf3 ({Better is} 20. Nd3 $14 Qd4+ 21. Kh1) 20... Re7 $11 21. Ra2 Rae8 22. Ne2 (22. g3 $11 {keeps the balance.}) 22... Bf5 $2 ({Of course not} 22... Bxa4 $6 23. Nd3 $11) (22... Qb3 $17 {stays on course.} 23. Ra3 Qxb2 24. Qxb2 Bxb2 {[%mdl 64] Discovered Attack}) 23. g4 $1 $16 {[%cal Rg4f5]} Bd7 24. Nd3 $1 {[%cal Rd3b4]} Qa5 ({Black should play} 24... Qb6) 25. Nxe5 Rxe5 26. Qc3 (26. Qf4 $16) 26... Qd8 $14 27. b4 (27. Ng3 $1 $14) 27... b6 $2 (27... h5 $1 $11 28. Nf4 (28. bxc5 hxg4 29. c6 Bc8 $15) 28... hxg4) 28. bxc5 bxc5 29. Qc4 a5 30. Qf4 f5 {And now ...fxg4 would win.} 31. g5 Qb6 32. Qc4 Bc8 {[#]} ({Black should try} 32... Re3 $14) 33. Nc3 $1 $18 Qd8 (33... Re3 {might work better.}) 34. h4 Re3 35. Re2 Rxe2 36. Nxe2 Qe7 (36... Qb6 $16 {keeps fighting.}) 37. Nf4 (37. Kg2 $18) 37... Qe3+ $16 {[#]} 38. Kg2 $1 Ba6 39. Qxa6 {[%mdl 64] Double Attack} Qxf4 40. Qb5 Re3 $2 {[%mdl 8192]} (40... Kf7 $16) 41. Qxa5 $18 Kf7 (41... Re8 {was worth a try.} 42. Qb5 Kf7 43. Qb7+ Re7) 42. Qd8 Re7 43. Qh8 {Accuracy: White = 55%, Black = 37%.} 1-0

[Event "III Duchamp Open 2019"]
[Site "Rio de Janeiro"]
[Date "2019.12.11"]
[Round "7.11"]
[White "De Carvalho, Jose Jorge"]
[Black "Roselli Mailhe, Bernardo"]
[Result "1/2-1/2"]
[WhiteElo "2149"]
[BlackElo "2442"]
[Annotator "TA"]
[PlyCount "55"]
[EventDate "2019.12.07"]
[EventType "swiss"]
[EventCountry "BRA"]
[SourceTitle "playchess.com"]
[Source "ChessBase"]
[SourceQuality "1"]

{[%evp 20,55,-32,-18,0,0,15,10,66,68,56,27,29,23,27,0,0,0,0,0,0,0,27,0,101,101,93,60,58,60,46,36,48,0,37,0,46,0]} 1. e4 c5 2. Nf3 e6 3. d4 cxd4 4. Nxd4 Nf6 5. Nc3 Nc6 6. Be3 Bb4 7. Bd3 d5 8. Nxc6 bxc6 9. exd5 cxd5 10. O-O O-O 11. Bd4 Be7 {B45: Sicilian Four Knights} 12. f4 g6 13. Qe2 Rb8 $146 ({Black should try} 13... Nd7 $11) ({Predecessor:} 13... Ne8 14. Nd1 Bf6 15. Be5 Bg7 16. c3 f6 17. Bd4 Nd6 18. Nf2 Re8 19. Qf3 Bb7 20. Ng4 e5 21. fxe5 fxe5 22. Nf6+ Bxf6 23. Qxf6 exd4 {0-1 (23) Smith,S (1793)-Arakhamia Grant,K (2464) Edinburgh 2011}) 14. Qe5 $14 Rb4 15. a3 Rxd4 $1 16. Qxd4 Nd7 {[#] ...Bc5 is the strong threat.} 17. Kh1 Bc5 18. Qa4 Nf6 19. h3 Nh5 20. Ne2 Qh4 21. Ba6 Be3 (21... Nf6 $11 {keeps the balance.}) 22. Rf3 $16 Bb6 23. Raf1 Nf6 24. Ng3 Bd7 25. Bb5 Bc8 26. Ba6 Bd7 27. Bb5 Bc8 $1 28. Ba6 {Accuracy: White = 46%, Black = 44%.} 1/2-1/2

[Event "III Duchamp Open 2019"]
[Site "Rio de Janeiro"]
[Date "2019.12.11"]
[Round "7.12"]
[White "Federzoni, Enzo"]
[Black "Rodi, Luis Ernesto"]
[Result "1/2-1/2"]
[WhiteElo "2138"]
[BlackElo "2341"]
[Annotator "TA"]
[PlyCount "52"]
[EventDate "2019.12.07"]
[EventType "swiss"]
[EventCountry "BRA"]
[SourceTitle "playchess.com"]
[Source "ChessBase"]
[SourceQuality "1"]

{[%evp 11,52,33,39,39,27,29,37,34,30,23,34,28,81,38,86,56,87,15,16,15,45,43,48,0,28,25,66,65,62,61,76,68,120,25,43,43,126,77,231,0,113,0,240]} 1. e4 e5 2. Nf3 Nc6 3. d4 exd4 4. Nxd4 Nf6 5. Nc3 Bc5 6. Be3 Bb6 7. Qd2 $146 {C47: Scotch Four Knights and Four Knights with 4 g3} (7. Bb5 O-O 8. O-O Re8 9. f3 Ne5 10. Bf2 c6 11. Ba4 d5 12. exd5 Nxd5 13. Nxd5 Qxd5 14. Bb3 Qd6 {1-0 (43) Andreikin,D (2734)-Carlsen,M (2838) chess.com INT 2017}) 7... Ng4 8. Nf5 {aiming for Bxb6.} Nxe3 9. Nxe3 {White is slightly better.} d6 10. O-O-O Be6 11. Ned5 O-O (11... Ba5 $11 {remains equal.}) 12. f4 Bg4 13. Re1 Bd7 14. h3 (14. Nxb6 $16 axb6 15. Kb1) 14... Ba5 $11 15. g4 Nb4 16. Nxb4 $1 Bxb4 17. f5 Qf6 {[#]} 18. e5 $1 {[%mdl 512]} Qh4 (18... dxe5 19. Qxd7) 19. Bg2 Bc6 20. Bxc6 bxc6 21. Re4 $36 {[%mdl 2048] Black is under pressure.} Bc5 {[#]} ({Better is} 21... c5 $14) 22. e6 ({White should try} 22. Na4 $1 $16) 22... fxe6 23. Rxe6 h5 (23... Rfe8 $14) 24. Qe1 Qg5+ $2 {[#]} (24... Qxe1+ $16 {keeps fighting.} 25. Rhxe1 hxg4) 25. Qd2 (25. Kb1 $1 $18 {is the precise move to win.}) 25... Qh4 $1 $16 26. Qe1 (26. Ne4 $16) 26... Qg5+ {Accuracy: White = 47%, Black = 31%.} 1/2-1/2

[Event "III Duchamp Open 2019"]
[Site "Rio de Janeiro"]
[Date "2019.12.11"]
[Round "7.13"]
[White "Moura, Eduardo Eugenio Chav"]
[Black "Labussiere, Victor"]
[Result "1/2-1/2"]
[WhiteElo "2098"]
[BlackElo "2295"]
[Annotator "TA"]
[PlyCount "69"]
[EventDate "2019.12.07"]
[EventType "swiss"]
[EventCountry "BRA"]
[SourceTitle "playchess.com"]
[Source "ChessBase"]
[SourceQuality "1"]

{[%evp 13,69,-30,-14,-6,-9,-6,-10,-10,-7,-15,-9,-2,19,28,56,60,50,60,64,57,61,28,34,39,32,39,55,53,44,44,50,25,134,135,131,139,130,138,144,163,160,161,172,174,180,182,183,0,0,0,0,0,0,0,0,0,0,0]} 1. e4 c5 2. d4 cxd4 3. c3 dxc3 4. Nxc3 Nc6 5. Nf3 d6 6. Bc4 a6 7. O-O Nf6 8. Bf4 {B21: Sicilian: 2 f4 and Morra Gambit} (8. h3 e6 9. Qe2 b5 10. Bb3 Bb7 11. Rd1 Qb8 12. Bf4 Nd7 13. Rd2 Be7 14. Bxd6 Bxd6 15. Rad1 Bf4 16. Rxd7 {0-1 (49) Mosadeghpour,M (2475)-Grigoryan,K (2602) Mashhad 2016}) 8... Bg4 9. h3 Bxf3 10. Qxf3 e6 11. Rfd1 {[#] Strongly threatening e5!} Qb8 12. Be2 Ne5 13. Qg3 Be7 14. Bxe5 $1 ({Avoid the trap} 14. Qxg7 $2 Rg8 $19) 14... dxe5 15. Qxg7 Rg8 16. Qh6 $146 Rg6 17. Qe3 Qa7 18. Qxa7 Rxa7 19. Rac1 {Nb5! is the strong threat.} Ra8 20. Na4 Bd8 21. Nc5 Rb8 22. Rd3 Bb6 {[#]} (22... Rc8 $11 {remains equal.}) 23. Rb3 $1 $36 {[%cal Rb3b6][%mdl 2048] Black is under strong pressure.} Bxc5 24. Rxc5 Nxe4 25. Rxe5 Nd6 26. Bxa6 h6 27. Bd3 Rg5 28. f4 Rg7 29. Rh5 Ra8 30. Ra3 $2 (30. Rxh6 $18 {aiming for Rh8+.} Ke7 31. Kf2) 30... Rxa3 $11 {The position is equal.} 31. bxa3 Rg3 32. Bb5+ Nxb5 33. Rxb5 Rxa3 34. Rxb7 Rxa2 35. Rb8+ {Accuracy: White = 62%, Black = 69%.} 1/2-1/2